Η θεωρία της καπιταλιστικής ανάπτυξης : αρχές της μαρξιστικής πολιτικής οικονομίας

Αποθηκεύτηκε σε:
Λεπτομέρειες βιβλιογραφικής εγγραφής
Κύριος συγγραφέας: Sweezy, Paul M. (Paul Marlor), 1910-2004
Μορφή: Βιβλίο
Γλώσσα:Greek
English
Δημοσίευση: Αθήνα : Gutenberg, 1964
Σειρά:Η Εποχή μας (Gutenberg)
Θέματα:
Ετικέτες: Προσθήκη ετικέτας
Δεν υπάρχουν, Καταχωρήστε ετικέτα πρώτοι!

MARC

LEADER 00000cam a2200000 i 4500
001 1/26644
008 960423s1964 gr | ||| |||| ||gre||
035 |l 10022712 
040 |a GR-MY-UA  |b gre  |e aacr 
041 1 |a gre  |h eng 
082 7 |a 330.122   |2 (22) 
100 1 |a Sweezy, Paul M.   |q (Paul Marlor),   |d 1910-2004. 
245 1 2 |a Η θεωρία της καπιταλιστικής ανάπτυξης :   |b αρχές της μαρξιστικής πολιτικής οικονομίας /   |c Paul Sweezy.  
260 |a Αθήνα :   |b Gutenberg,   |c 1964 
300 |a 414 σ. 
490 1 |a (Η Εποχή μας / Gutenberg) 
500 |a Τίτλος πρωτοτύπου: The theory of capitalistic development 
650 0 0 |a Capitalism. 
830 0 |a Η Εποχή μας (Gutenberg) 
852 |a INST  |b CHIOS  |e 19960423  |h 330.122 SWE  |p 005200005889  |q 005200005889  |t BK  |y 0 
852 |a INST  |b CHIOS  |e 19960423  |h 330.122 SWE  |p 005200005890  |q 005200005890  |t BK  |y 0 
909 |a Χ  |b 000869 
909 |a Χ  |b 001213 
970 |z 23/04/1996